000 00748cam a22002414i 4500
001 17522013
005 20171215071047.0
008 121107s2013 nyu 000 0 eng
010 _a 2012038500
020 _a9781596672345
040 _aDLC
_beng
_cDLC
_erda
_dDLC
041 _aeng
042 _apcc
043 _an-us---
080 _a370.91732 JOH
082 0 0 _a370.91732 JOH
_223
100 1 _a46
101 _aEDU
245 1 0 _aTeaching practices from America's best urban schools :
_cJoseph F. Johnson, Jr., Ph.D., Lynne G. Perez, Ph.D., Cynthia L. Uline, Ph.D.
906 _a7
_bcbc
_corignew
_d1
_eecip
_f20
_gy-gencatlg
942 _2ddc
_cBK
999 _c39003
_d39003